Statistics for Biggest Economies in the world(In Billions USD)

Click here to take the quiz!

General Stats

  • This quiz has been taken 51 times
  • The average score is 27 of 30

Answer Stats

GDPCountry% Correct
15,470China
100%
4,160Germany
100%
3,260India
100%
2,090Italy
100%
5,500Japan
100%
2,930United Kingdom
100%
22,200United States
100%
1,830Canada
98%
2,060Brazil
95%
1,300Mexico
95%
1,670Russia
95%
1,500Spain
95%
1,740South Korea
93%
1,480Australia
90%
790.06Saudi Arabia
90%
576.72Sweden
90%
2,880France
88%
954.93Netherlands
88%
643.27Poland
88%
1,210Indonesia
86%
515.35Argentina
83%
553.78Belgium
83%
495.69Iran
83%
809.55Turkey
83%
481.68Austria
81%
633.70Taiwan
81%
547.43Thailand
81%
496.12Nigeria
79%
740.70Switzerland
79%
449.13United Arab Emirates
76%

Score Distribution

Percentile by Number Answered

Percent of People with Each Score

Your Score History

You have not taken this quiz